| 000 | 00593nam a22002057a 4500 | ||
|---|---|---|---|
| 003 | OSt | ||
| 008 | 260502b |||||||| |||| 00| 0 eng d | ||
| 082 |
_a634.44 _bK13U |
||
| 100 | _aKaruna, Kumari. | ||
| 245 |
_aUrea and Growth Substances on Growth, Productivity and Quality of Mango (Mangifera indica L.) / _cby Kumari Karuna |
||
| 260 |
_a.- Sabour, Bhagalpur _b: Bihar Agricultural College, RAU _c, 2003 |
||
| 300 | _a96p. | ||
| 502 |
_bPh. D. _d2003 |
||
| 650 | _aHorticulture | ||
| 650 | _aPomology | ||
| 650 | _aMangoes | ||
| 650 | _aThesis | ||
| 650 | _aPh. D. | ||
| 942 |
_2ddc _cT |
||
| 999 |
_c50364 _d50364 |
||